| 000 | 004260000a22001450004500 | ||
|---|---|---|---|
| 003 | MACL | ||
| 005 | 20160611154312.0 | ||
| 008 | 160611b xxu||||| |||| 00| 0 eng d | ||
| 040 |
_aMACL _cMACL |
||
| 041 | _aHindi | ||
| 082 | _a620 | ||
| 245 |
_aग्रन्थालय वर्गीकरण _bसिद्धान्त एंव प्रयोग |
||
| 650 |
_aLibrary & Sci. _936840 |
||
| 942 |
_cHIN _k020 _2ddc |
||
| 999 |
_c28100 _d28100 |
||